000 00802nam a2200217Ii 4500
003 JO-AjNU
008 230605s9999||||xx |||||||||||||| ||und||
020 _a978-9931-481-30-1
040 _aJO-AjNU
_bara
_erda
_cJO-AjNU
041 _aara
050 1 4 _aG155.K42 2017
100 3 _aخضرة، جلال بدر، م.مشارك مصطفى يوسف كافي، م.مشارك هنادي محمد مخلوف,
_eauthor
_953275
245 0 0 _aالإقتصاد السياحي = Tourism Economy
250 _aط1
264 3 1 _a الجزائر: الفا للوثائق، 2017
300 _a332ص
_bيشتمل على جداول
336 _atext
_btxt
_2rdacontent
337 _aunmediated
_bn
_2rdamedia
338 _avolume
_bnc
_2rdacarrier
650 4 _aالسياحة - جوانب اقتصادية
_953276
999 _aA23650
_c27218
_d27218